<?xml version="1.0" encoding="UTF-8"?>
<marc:record xmlns:marc="http://www.loc.gov/MARC21/slim">
   <marc:leader>00000nam a2200000 a 4500</marc:leader>
   <marc:datafield ind1="1" ind2=" " tag="100">
      <marc:subfield code="a">Sander, Karen</marc:subfield>
      <marc:subfield code="4">ctb</marc:subfield>
      <marc:subfield code="e">Mitwirkende/-r</marc:subfield>
   </marc:datafield>
   <marc:datafield ind1="1" ind2=" " tag="100">
      <marc:subfield code="a">Siebeck, Oliver</marc:subfield>
      <marc:subfield code="4">ctb</marc:subfield>
      <marc:subfield code="e">Mitwirkende/-r</marc:subfield>
   </marc:datafield>
   <marc:datafield ind1="1" ind2=" " tag="100">
      <marc:subfield code="a">Mendes Teixeira, Manuel</marc:subfield>
      <marc:subfield code="4">ctb</marc:subfield>
      <marc:subfield code="e">Mitwirkende/-r</marc:subfield>
   </marc:datafield>
   <marc:datafield ind1=" " ind2=" " tag="653">
      <marc:subfield code="a">Kassette / Belletristik/Krimis</marc:subfield>
   </marc:datafield>
   <marc:datafield ind1=" " ind2=" " tag="653">
      <marc:subfield code="a">Thriller</marc:subfield>
   </marc:datafield>
   <marc:datafield ind1=" " ind2=" " tag="653">
      <marc:subfield code="a">Spionage</marc:subfield>
   </marc:datafield>
   <marc:datafield ind1=" " ind2=" " tag="653">
      <marc:subfield code="a">CD</marc:subfield>
   </marc:datafield>
   <marc:datafield ind1=" " ind2=" " tag="653">
      <marc:subfield code="a">Fiktionale Darstellung</marc:subfield>
   </marc:datafield>
   <marc:datafield ind1=" " ind2=" " tag="653">
      <marc:subfield code="a">Krimis</marc:subfield>
   </marc:datafield>
   <marc:datafield ind1="0" ind2="0" tag="245">
      <marc:subfield code="a">Oliver Siebeck liest Karen Sander, Ich sehe was, und das ist tot</marc:subfield>
   </marc:datafield>
   <marc:datafield ind1="0" ind2="0" tag="245">
      <marc:subfield code="c">Regie: Manuel Mendes Teixeira</marc:subfield>
   </marc:datafield>
   <marc:datafield ind1=" " ind2="1" tag="264">
      <marc:subfield code="a">Berlin</marc:subfield>
      <marc:subfield code="b">Argon-Verl.</marc:subfield>
      <marc:subfield code="c">2015</marc:subfield>
   </marc:datafield>
   <marc:datafield ind1="1" ind2=" " tag="490">
      <marc:subfield code="a">Argon-Hörbuch</marc:subfield>
   </marc:datafield>
   <marc:datafield ind1=" " ind2=" " tag="250">
      <marc:subfield code="a">Autoris. Lesefassung</marc:subfield>
   </marc:datafield>
   <marc:datafield ind1="1" ind2=" " tag="520">
      <marc:subfield code="a">Angaben aus der Verlagsmeldung

Ich sehe was, und das ist tot / von Karen Sander

Kommissar Georg Stadler wird an einen merkwürdigen Tatort gerufen: In einer Fabrikhalle hat man ein Messer, einen roten Kindermantel und eine Blutlache gefunden. Keine Leiche. Nur ein rätselhafter Code an der Wand. Zwei Tage später ein ganz ähnlicher Tatort. Doch diesmal gibt es eine Leiche. Und wieder einen Code. Stadler bittet die Spezialistin für Täterbotschaften Liz Montario um Hilfe. Denn die Tatorte erinnern ihn an Filmkulissen. Geht es um Snuff-Videos? Noch bevor Liz die Botschaften entschlüsseln kann, gerät Stadler selbst in den Fokus der Ermittlungen. Seine DNA wurde an einem Tatort gefunden. Und er hat das Opfer als Letzter lebend gesehen ...

Oliver Siebeck, als Synchronsprecher aus verschiedenen Fernsehserien bekannt, hat bereits Hörbücher von Nele Neuhaus und Ian Rankin zu Bestsellern gemacht. Er hat bereits die ersten beiden Fälle des Ermittlerduos gelesen und wird Sie auch dieses Mal wieder mit seiner dunklen, leicht kratzigen Stimme das Fürchten lehren.
</marc:subfield>
   </marc:datafield>
   <marc:datafield ind1=" " ind2=" " tag="020">
      <marc:subfield code="a">9783839814062</marc:subfield>
      <marc:subfield code="9">9783839814062</marc:subfield>
   </marc:datafield>
   <marc:datafield ind1=" " ind2=" " tag="020">
      <marc:subfield code="a">3839814065</marc:subfield>
      <marc:subfield code="9">3839814065</marc:subfield>
   </marc:datafield>
   <marc:datafield ind1=" " ind2=" " tag="041">
      <marc:subfield code="a">ger</marc:subfield>
   </marc:datafield>
   <marc:datafield ind1=" " ind2=" " tag="300">
      <marc:subfield code="a">6 CDs (Gesamt 7 Std. 51 Min.)</marc:subfield>
   </marc:datafield>
</marc:record>
